El utilitarismo
Saved in:
| Main Author: | |
|---|---|
| Format: | Book |
| Language: | Spanish |
| Published: |
Madrid :
Aguilar,
c1955
|
| Subjects: |
| LEADER | 00532nam#a2200193#a#4500 | ||
|---|---|---|---|
| 001 | 007640 | ||
| 005 | 20160721144400.0 | ||
| 008 | 011029s1955####sp##################spa#d | ||
| 040 | |a AR-beUNQ | ||
| 099 | |a 03-M53 | ||
| 100 | 1 | |a Mill, John Stuart | |
| 245 | 0 | 3 | |a El utilitarismo |c John Stuart Mill. |
| 260 | |a Madrid : |b Aguilar, |c c1955 | ||
| 300 | |a 123 p | ||
| 650 | 7 | |a UTILITARISMO |2 Spines | |
| 650 | 7 | |a FILOSOFIA |2 Spines | |
| 929 | |a COMPRA |b Martha Blanco de Dieguez |d 4,00E |e 20011029 |f patrimonio |j 30447 | ||
| 942 | |c LIB |n 0 | ||
| 999 | |c 10209 |d 85596 | ||